|
|
|
|
| LEADER |
00000nbm0a2200000 4500 |
| 001 |
37853 |
| 005 |
20231031004502.0 |
| 035 |
|
|
|a (RuTPU)RU\TPU\book\38446
|
| 090 |
|
|
|a 37853
|
| 100 |
|
|
|a 20020131d2001 k y0rusy50 ca
|
| 101 |
0 |
|
|a rus
|
| 102 |
|
|
|a RU
|
| 105 |
|
|
|a a m 001zy
|
| 200 |
1 |
|
|a Прогнозирование скоплений углеводородов по данным комплексных аэрогеофизических исследований (на примере Западной части Енисей-Хатангского прогиба)
|e диссертация на соискание ученой степени кандидата геолого-минералогических наук
|e спец. 25.00.10
|f Ф. Д. Лазарев
|g Томский политехнический университет; науч. рук. Л. Я. Ерофеев
|
| 210 |
|
|
|a Томск
|d 2001
|
| 215 |
|
|
|a 140 л.
|c ил.
|
| 320 |
|
|
|a Библиогр.: с. 130-140
|
| 610 |
1 |
|
|a геология
|
| 610 |
1 |
|
|a углеводороды
|
| 610 |
1 |
|
|a залежи
|
| 610 |
1 |
|
|a прогноз
|
| 610 |
1 |
|
|a аэрогеофизические исследования
|
| 610 |
1 |
|
|a Енисей - Хатангский прогиб
|
| 610 |
1 |
|
|a Зимнее месторождение
|
| 610 |
1 |
|
|a диссертации
|
| 675 |
|
|
|a 553.98.044(04)
|v 3
|
| 686 |
|
|
|a 25.00.10
|2 oksvnk
|
| 700 |
|
1 |
|a Лазарев
|b Ф. Д.
|g Федор Дмитриевич
|
| 702 |
|
1 |
|a Ерофеев
|b Л. Я.
|4 727
|
| 712 |
0 |
2 |
|a Томский политехнический университет
|2 stltpush
|3 (RuTPU)RU\TPU\col\376
|
| 801 |
|
1 |
|a RU
|b 63413507
|c 20020131
|g PSBO
|
| 801 |
|
2 |
|a RU
|b 63413507
|c 20220124
|g PSBO
|
| 942 |
|
|
|c BK
|